000 00455nam a2200169Ia 4500
008 090711s9999 xx 000 0 und d
082 _b74038
100 _aकेळकर र. श.
245 _aतीन मूर्ती
260 _c1994
300 _a110
600 _aकेळकर र. श.
630 _aतीन मूर्ती
700 _aकेळकर र. श.
730 _aतीन मूर्ती
942 _cBOOK
999 _c297377
_d297377